| 000 | 00906nas a2200313 4500 | ||
|---|---|---|---|
| 001 | BR9503342 | ||
| 003 | BR-BrBNA | ||
| 005 | 20231205094411.0 | ||
| 007 | ta | ||
| 008 | 230509b bl.|||p| |||| 00| 00por d | ||
| 040 |
_aBR-BrBNA _bpor _cBiblioteca Nacional de Agricultura |
||
| 041 | _a(Pt) | ||
| 072 | _aL73 | ||
| 100 | 1 | _aSilva, D.J. da | |
| 100 | 1 | _aCunha, P.G. da | |
| 100 | 1 | _aSiqueira, A.C.M.F. | |
| 100 | 1 | _aRoverso, E.A. | |
| 245 | 1 | _aEfeito da administracao de vitamina A, D e E nos bovinos em fase de aleitamento | |
| 650 | _aGado Santa Gertrudes | ||
| 650 | _aGado Zebu | ||
| 650 | _aVitamina A | ||
| 650 | _aVitamina D | ||
| 650 | _aVitamina E | ||
| 650 | _aPeso | ||
| 650 | _aDesmama | ||
| 773 | 0 |
_tBoletim de Industria Animal (Brazil) _xISSN 0067-9615 _g(Jul-Dec 1974), v. 31(2) p. 205-212 _wBR9503342 |
|
| 909 |
_a202311 _bLúcia _c55 _dLúcia Elande |
||
| 942 |
_2AGRIS _n0 _cANA |
||
| 999 |
_c144051 _d144051 |
||